| 000 | 00337 a2200157 4500 | ||
|---|---|---|---|
| 001 | 80530 | ||
| 082 | _a940.5423 JOL | ||
| 090 |
_c39657 _d39657 |
||
| 100 | _aCyril Joly | ||
| 245 | _aTake these Men | ||
| 250 | _a1 | ||
| 260 |
_aLondon _bConstable _c1855 |
||
| 300 | _ax 357 | ||
| 500 | _aGeneral Books | ||
| 505 | _aGifted Books | ||
| 942 |
_aCAENUST _k940.5423 JOL |
||
| 999 |
_c315603 _d315603 |
||